Première dame #1 - Statistiques

Statistiques générales
  • Ce quiz a été pris 79 fois
  • Le résultat moyen est 9 sur 15
Statistiques - réponses
Par images Réponse % Correct
Brigitte Macron
100%
Michelle Obama
99%
Bernadette Chirac
96%
Melania Trump
96%
Hillary Clinton
93%
Carla Bruni
89%
Yvonne de Gaulle
82%
Jacqueline Kennedy
75%
Julie Gayet
66%
Claude Pompidou
51%
Valérie Trierweiler
34%
Sophie Grégoire
5%
Samantha Cameron
4%
Asma el-Assad
1%
Peng Liyuan
1%
Aucun quiz correspondant
Distribution des résultats
% des personnes avec chaque résultat
Percentile par nombre de réponses
Votre historique - résultats
Vous n’avez pas pris ce quiz